| 000 | 00945nam a22002415i 4500 | ||
|---|---|---|---|
| 001 | 176711 | ||
| 003 | ES-MaACL | ||
| 005 | 20250728051138.0 | ||
| 008 | 110203s1962 sp a |||| | spa d | ||
| 080 | _a323.3(8) | ||
| 080 | _a308(8) | ||
| 100 | 1 |
_aDebuyst, Federico. _9145012 |
|
| 245 | 1 | 4 |
_aLas clases sociales en América Latina / _cpor Federico Debuyst. |
| 260 |
_aFriburgo (Suiza) : _bOficina Internacional de Investigaciones Sociales de Feres ; _aBruselas : _bCentro de Investigaciones Socio-Religiosas, _c1962. |
||
| 300 |
_a217 p. : _bil. ; _c22 cm. |
||
| 490 | 1 |
_aDocumentos latino-americanos ; _v3 |
|
| 650 | 4 |
_aClases sociales- _zAmérica latina. _9145014 |
|
| 651 | 4 |
_aAmérica Latina- _xSituación social _97766 |
|
| 710 | 2 |
_aOficina Internacional de Investigaciones Sociales. _9172476 |
|
| 830 | 1 |
_aDocumentos latino-americanos ; _v3 _9224061 |
|
| 852 |
_aES-MaACL _jE-14174 _xOlim P-207-Ter |
||
| 999 |
_c176711 _d176711 |
||